| 000 | 00540nam a22001817a 4500 | ||
|---|---|---|---|
| 003 | OSt | ||
| 005 | 20250818045515.0 | ||
| 008 | 250818b |||||||| |||| 00| 0 eng d | ||
| 020 | _a978-1-933615-46-2. | ||
| 040 |
_aDWCL MAIN LIB _cOC |
||
| 082 |
_aCirc. 641.5 M835 2009 _bc1 |
||
| 245 |
_aMore best recipes : _b a best recipe classic / |
||
| 260 |
_aBrookline : _bAmerica's Test Kitchen, _cc2009. |
||
| 300 |
_a790 pages : _b illustrations ; _c28 cm. |
||
| 504 | _aIncludes index. | ||
| 648 | _2Cooking. | ||
| 942 |
_2ddc _cBK-CIRC _kCirc. _n0 |
||
| 999 |
_c4003 _d4003 |
||